| Tag |
First Indicator |
Second Indicator |
Subfields |
| LEADER |
00000cam a22000001a 4500 |
| 001 |
in00003196708 |
| 006 |
m d f |
| 007 |
cr bn mmmapmmp |
| 008 |
090623s1968 dcu o f000 0 eng d |
| 005 |
20260504201708.8 |
| 035 |
|
|
|a cis2007434012
|
| 040 |
|
|
|a UMI
|c UMI
|d UtOrBLW
|
| 043 |
|
|
|a n-us---
|
| 086 |
0 |
|
|a Y 4.P 84/11:P 84/21
|
| 099 |
|
|
|a HRG-1968-POS-0007
|
| 110 |
1 |
|
|a United States.
|b Congress.
|b Senate.
|b Committee on Post Office and Civil Service.
|b Subcommittee on Postal Affairs.
|
| 245 |
1 |
0 |
|a Assaults on Postal Employees :
|b hearings before the United States Senate Committee on Post Office and Civil Service, Subcommittee on Postal Affairs, Ninetieth Congress, second session, on June 26, 1968.
|
| 264 |
|
1 |
|a Washington :
|b U.S. G.P.O.,
|c 1968.
|
| 300 |
|
|
|a 1 online resource.
|
| 336 |
|
|
|a text
|b txt
|2 rdacontent
|
| 337 |
|
|
|a computer
|b c
|2 rdamedia
|
| 338 |
|
|
|a online resource
|b cr
|2 rdacarrier
|
| 500 |
|
|
|a Record is based on bibliographic data in ProQuest Congressional Hearings Digital Collection. Reuse except for individual research requires license from ProQuest, LLC.
|
| 520 |
|
|
|a Considers H.R. 15387, to provide for disciplinary action to be taken against any postal employees who assault fellow postal employees, and to provide criminal sanctions against members of the general public who assault postal employees.
|
| 520 |
|
|
|a Considers (90) H.R. 15387.
|
| 538 |
|
|
|a System requirements: PDF reader software.
|
| 500 |
|
|
|a Electronic resource.
|
| 650 |
|
0 |
|a Assault and battery
|z United States.
|
| 650 |
|
0 |
|a Postal service
|x Employees
|x Law and legislation
|z United States.
|
| 655 |
|
7 |
|a Electronic books.
|2 local
|
| 710 |
2 |
|
|a ProQuest (Firm)
|
| 776 |
0 |
8 |
|i Print version:
|a United States. Congress. Senate. Committee on Post Office and Civil Service. Subcommittee on Postal Affairs.
|t Assaults on Postal Employees
|
| 776 |
0 |
8 |
|i Microfiche version:
|a United States. Congress. Senate. Committee on Post Office and Civil Service. Subcommittee on Postal Affairs.
|t Assaults on Postal Employees.
|d [Bethesda, Md.] : ProQuest,[2004]
|o CIS Hrgs MF Gp 3--(90) S1871-8
|w (ProQuest)cis10803607
|
| 830 |
|
0 |
|a U.S. Congressional Hearings.
|
| 856 |
4 |
0 |
|u http://proxy.library.tamu.edu/login?url=https://congressional.proquest.com/congcomp/getdoc?HEARING-ID=HRG-1968-POS-0007
|z Connect to the full text of this electronic book
|t 0
|
| 998 |
|
|
|a cis10803607
|
| 999 |
|
|
|a MARS
|
| 999 |
f |
f |
|s 0d619e3f-1526-33ff-8108-611a57537488
|i 430fec83-fb6f-3a03-ac74-25268205d9cb
|t 0
|
| 952 |
f |
f |
|a Texas A&M University
|b College Station
|c Electronic Resources
|s www_evans
|d Available Online
|t 0
|e HRG-1968-POS-0007
|h Other scheme
|
| 998 |
f |
f |
|a HRG-1968-POS-0007
|t 0
|l Available Online
|